• 首页
  • 本馆介绍
  • 公告通知
  • 最新文献
  • 馆藏检索
  • 电子资源
  • 读者导购
  • 参考咨询
  • 我的图书馆
  • 登录
  • 详细信息显示
  • 放入我的书架
  • 预约/预借图书
  • 作者相关作品
  • 分类相关作品
  • 丛书相关作品
  • 出版社相关作品

书目信息

  • 表格格式
  • 工作单格式
  • 卡片格式
题名:
简明中华百科全书
    
 
作者: ;中国大百科全书出版社编辑部 编
分册:  
出版信息: 北京   中国大百科全书出版社  1994
页数: 482~1030页
开本: 30cm
丛书名:
单 册:
中图分类: Z227
科图分类:
主题词: 百科全书--中国--现代
电子资源:
ISBN: 7-5000-5263-4
000 00691nam0 2200217 45
001 0107110992
005 20041229133628.1
010    @a7-5000-5263-4@b精装@dCNY160.00
100    @a20010711d1994 km y0chiy0120 ea
101 0  @achi
105    @aa f 000yy
200 1  @a简明中华百科全书@AJian Ming Zhong Hua Bai Ke Quan Shu@eL-W@f中国大百科全书出版社编辑部编@FZhong Guo Da Bai Ke Quan Shu Chu Ban She Bian Ji Bu Bian
210    @a北京@c中国大百科全书出版社@d1994
215    @a482~1030页@c插图@d30cm
517    @aA-K
517    @aL-W
606 0  @a百科全书@x中国@x现代
690    @aZ227@v4
711 02 @a中国大百科全书出版社编辑部@4编
801    @aCN@bTSTC@c20010711
905    @dZ227@e105:2
    
    简明中华百科全书:L-W/中国大百科全书出版社编辑部编.-北京:中国大百科全书出版社,1994
    482~1030页:插图;30cm
    
    
    ISBN 7-5000-5263-4(精装):CNY160.00
    
●
相关链接 在E读中查询图书 在五车中查询图书 在当当中查询图书 在豆瓣中查询图书


正题名:简明中华百科全书     索取号:Z227/105:2         预约/预借

序号 登录号 条形码 馆藏地/架位号 状态 备注
1 0264050   202129856   第二样本阅览室/ [索取号:Z227/105:2] 在馆    
2 0313862   203138620   工具书阅览室/ [索取号:Z227/105:2] 在馆    
唐山师范学院图书馆 欢迎您!
大连网信软件有限公司© 版权所有